| 000 | 00677nam a2200229 i 4500 | ||
|---|---|---|---|
| 001 | 10048 | ||
| 003 | ES-MaACL | ||
| 005 | 20250111062524.0 | ||
| 007 | t| | ||
| 008 | 941220s1994 sp ||||1| spa d | ||
| 020 | _a84-0964-9 | ||
| 080 | _a849.9-34"19" | ||
| 080 | _a849.9(Monzó,Q.7 P.03=6) | ||
| 100 | 1 |
_aMonzó, Quim. _982771 |
|
| 245 | 1 | 3 |
_aEl Porqué de las cosas / _cQuim Monzó ; traducción de Marcelo Cohen. |
| 260 |
_aBarcelona : _bAnagrama, _c1994. |
||
| 300 |
_a138 p. ; _c20 cm. |
||
| 490 | 1 |
_aNarrativas hispánicas ; _v154 |
|
| 830 | 0 | 0 |
_aNarrativas hispánicas (Anagrama) _v154 _9178124 |
| 852 |
_aES-MaACL _jL-17437 _bR.122658 |
||
| 999 |
_c10048 _d10048 |
||